LEADER 01622nam a2200313 a 4500 001 000000137141 003 CaOOAMICUS 005 20140127132402.0 008 140127s2006 it af u000 u ita r 020 $a88-85155-63-4 040 $aPUL$bita 082 04$a271.3 100 1 $aGatti, Isidoro,$cO.F.M. Conv.$0(OLS)http://pul/name/3184 245 12$aI frati minori conventuali tra giurisdizionalismo e rivoluzione :$bil p. Federico Lauro Barbarigo ministro generale dell'Ordine (1718-1801) /$cIsidoro Liberale Gatti. 260 $aPadova :$bCentro Studi Antoniani,$c©2006. 300 $a2 v. :$bill., tav. ;$c28 cm 490 1 $aFonti e studi francescani. Saggi ;$v13 504 $aBibliografia in nota. 610 24$aFrancescani$xStoria$xFonti.$0(OLS)http://pul/subject/1748 830 0$aFonti e studi francescani.$pSaggi ;$v13.$0(OLS)http://pul/title/173613 850 $aPUL 852 $aPUL$W1$xDP2 Religione 3$y114$m271. 3 GATIS 1.1$j158154$av. 1$qDDC 21$B157573$CPULBib$Z2$F157573 $H101902 $82 852 $aPUL$W1$xDP2 Religione 3$y114$m271. 3 GATIS 1.2$j158155$av. 2$qDDC 21$B157574$CPULBib$Z2$F157574 $H101903 $82 941 1 $a9 996 $6020$a88-85155-63-4$9(OLS)http://pul/number/154371 996 $6082$a271.3$9(OLS)http://pul/classification/1739 996 $6245$aI frati minori conventuali tra giurisdizionalismo e rivoluzione :$bil p. Federico Lauro Barbarigo ministro generale dell'Ordine (1718-1801)$9(OLS)http://pul/title/173612 996 $6260$aPadova :$bCentro Studi Antoniani$9(OLS)http://pul/publisher/54587 LEADER 01534namaa2200361 i 4500 001 000000178511 003 CaOOAMICUS 005 20260217141501.0 007 tu 008 260217s1966 it bo 000 u ita r 040 $aPUL$bita$erda 100 1 $aRussell, Francis,$d1910-1989,$eautore.$0(OLS)http://pul/name/114873 240 10$aTragedy in Dedham. The story of the Sacco-Vanzetti case.$lItaliano.$0(OLS)http://pul/title/220107 245 13$aLa tragedia di Sacco e Vanzetti /$cFrancis Russell ; prefazione di Mauro Calamandrei . 250 $a2.edizione 264 4$c©1966. 264 1$aMilano :$bMursia,$c[1966] 300 $a551 p., [16 p. di tav] : $bfotografie ;$c22 cm 336 $atesto$btxt$2rdacontent 337 $asenza mediazione$bn$2rdamedia 338 $avolume$bnc$2rdacarrier 490 1 $aTestimonianze fra cronaca e storia ;$v13 500 $aTraduzione di Renato Prinzhofer. 504 $aBibliografia in nota a piè pagina. 700 1 $aPrinzhofer, Renato,$etraduttore.$0(OLS)http://pul/name/114874 830 0$aTestimonianze fra cronaca e storia ;$v13.$0(OLS)http://pul/title/220071 850 $aPUL 852 $aPUL$W1$xDP1 Fondo Liberati$y125$m5 E 10$j22830$qFondi$B207636$CPULBib$Z2$F207636 $HLib239 $82 941 1 $a1 996 $6245$aLa tragedia di Sacco e Vanzetti$9(OLS)http://pul/title/220106 996 $6264$aMilano :$bMursia$9(OLS)http://pul/publisher/52430 996 $6264$a[S.l.] :$b[s.n.]$9(OLS)http://pul/publisher/0